000 00712nam a2200265Ia 4500
003 OSt
005 20221006144346.0
006 a|||||r|||| 00| 0
007 ta
008 221006b |||||||| |||| 00| 0 eng d
020 _c
_6.95
024 _a11,506
037 _cTextual
040 _aEASL
_cEASL
_beng
041 _2eng
_aeng
082 _aU8.41.N64, K71
100 _aMARCUSE Jacques
_9651790
245 0 _aPeking papers
_b Leaves from the notebook of a China correspondence
260 _aNew York
_bE. P. Dutton and Co.
_c1967
300 _a351p.
_ccm.
490 _v CEL
650 _aCEL
942 _hU8.41.N64, K71
_cTEXL
_2CC
999 _c1079592
_d1079592